3. Liga Torschützenkönige 2008-2022 - Statistiken

Allgemein
  • Dieses Quiz wurde 38 mal gespielt
  • Das Durchschnittsergebnis liegt bei 5 aus 16
Antwortstatistiken
Saison Tore Antwort % Korrekt
2013/2014 27 Dominik Stroh-Engel
58%
2008/2009 21 Anton Fink
47%
2012/2013 20 Anton Fink
47%
2020/2021 22 Sascha Mölders
44%
2012/2013 20 Fabian Klos
39%
2014/2015 23 Fabian Klos
39%
2015/2016 23 Justin Eilers
39%
2016/2017 17 Christian Beck
36%
2021/2022 21 Marcel Bär
36%
2019/2020 24 Kwasi Wriedt
33%
2017/2018 22 Manuel Schäffler
28%
2010/2011 19 Domi Kumbela
25%
2018/2019 22 Marvin Pourié
22%
2010/2011 19 Patrick Mayer
14%
2011/2012 17 Marcel Reichwein
11%
2009/2010 22 Régis Dorn
11%
Keine übereinstimmenden Quizze gefunden
Verteilung der Resultate
Anzahl Personen mit jedem Resultat
Perzentil nach korrekt beantworteten Fragen
Ihre Resultats-Entwicklung
Sie haben dieses Quiz noch nicht gespielt